[Event "Heusenstamm Sparkassen op-B 5th"]
[Site "Heusenstamm"]
[Date "2018.11.23"]
[Round "2"]
[White "Krieger, Roy"]
[Black "Bayer, Melissa"]
[Result "0-1"]
[WhiteElo "1312"]
[BlackElo "1497"]
[PlyCount "78"]
[EventDate "2018.11.22"]
[EventType "swiss"]
[EventRounds "7"]
[EventCountry "GER"]
[SourceTitle "CBM 187 Extra"]
[Source "ChessBase"]
[SourceDate "2018.11.04"]
[SourceVersion "1"]
[SourceVersionDate "2018.11.04"]
[SourceQuality "1"]

1. d4 d5 2. Nf3 Bf5 3. Bf4 Nf6 4. e3 Nbd7 5. h3 e6 6. Be2 Be7 7. Nbd2 0-0 8. 0-0 c5 9. c3 Qb6 10. Qb3 Rac8 11. Nh4 Ne4 12. Qxb6 Nxb6 13. Nhf3 Na4 14. c4 cxd4 15. Nxe4 d3 16. Bd1 dxe4 17. b3 exf3 18. Bxf3 Nc5 19. e4 Bxe4 20. Bxe4 Nxe4 21. f3 Bc5+ 22. Kh2 Nc3 23. Bd2 Ne2 24. b4 Bd4 25. Rab1 Rxc4 26. a3 Rfc8 27. Rb3 Be5+ 28. g3 Nxg3 29. Re1 Nf1+ 30. Kg2 Nxd2 31. Rxd3 Rc2 32. Rxe5 Nc4+ 33. Kg3 Nxe5 34. Rd1 g6 35. a4 R2c3 36. b5 Rxf3+ 37. Kg2 Rc2+ 38. Kg1 Rff2 39. Re1 Nf3+ 0-1

[Event "Eschborn op"]
[Site "Eschborn"]
[Date "2017.10.15"]
[Round "5"]
[White "Bayer, Melissa"]
[Black "Binu, Anandajydthis"]
[Result "1-0"]
[WhiteElo "1482"]
[BlackElo "1034"]
[PlyCount "63"]
[EventDate "2017.10.13"]
[EventType "swiss"]
[EventRounds "5"]
[EventCountry "GER"]
[SourceTitle "EXT 2019"]
[Source "ChessBase"]
[SourceDate "2018.10.10"]
[SourceVersion "1"]
[SourceVersionDate "2018.10.10"]
[SourceQuality "1"]

1. d4 Nf6 2. Nf3 g6 3. Bf4 Bg7 4. e3 d5 5. Bd3 Nbd7 6. Nbd2 b6 7. Ne5 Bb7 8. Ndf3 e6 9. c3 0-0 10. g4 Nxe5 11. Nxe5 Nd7 12. Nf3 c5 13. h4 cxd4 14. cxd4 Re8 15. h5 e5 16. dxe5 Nxe5 17. hxg6 fxg6 18. Ng5 Nxg4 19. Qxg4 Bh8 20. Nxh7 Rc8 21. Qxg6+ Bg7 22. Bh6 Rc7 23. Bxg7 Rxg7 24. Nf6+ Kf8 25. Rh8+ Rg8 26. Rxg8+ Ke7 27. Rxe8+ Qxe8 28. Nxe8 Kd8 29. Qf7 Ba8 30. Rc1 a5 31. Rc7 Bc6 32. Qe7# 1-0

[Event "GER-chT Lands U20"]
[Site "Hannover"]
[Date "2017.10.02"]
[Round "4.8"]
[White "Bashylina, Luisa"]
[Black "Bayer, Melissa"]
[Result "1-0"]
[WhiteElo "1577"]
[BlackElo "1493"]
[PlyCount "107"]
[EventDate "2017.09.29"]
[EventType "team-swiss"]
[EventRounds "7"]
[EventCountry "GER"]
[SourceTitle "EXT 2018"]
[Source "ChessBase"]
[SourceDate "2017.10.13"]
[SourceVersion "1"]
[SourceVersionDate "2017.10.13"]
[SourceQuality "1"]
[WhiteTeam "Nordrhein Westfalen U20"]
[BlackTeam "Hessen U20"]
[WhiteTeamCountry "GER"]
[BlackTeamCountry "GER"]

1. e4 e5 2. Nf3 Nc6 3. d4 exd4 4. Nxd4 Bc5 5. Be3 Qf6 6. c3 Nge7 7. Bc4 0-0 8. 0-0 b6 9. Nc2 Ne5 10. Be2 Qg6 11. f3 Bb7 12. b4 Bxe3+ 13. Nxe3 Rad8 14. c4 f5 15. Nc3 c6 16. f4 Nf7 17. Bh5 Qf6 18. e5 Nxe5 19. fxe5 Qxe5 20. Qe1 f4 21. Nc2 Qxh5 22. Qxe7 Rfe8 23. Qd6 Qf5 24. Qd2 Rf8 25. Nd4 Qf7 26. Rac1 g5 27. Nf3 Qf5 28. Qd4 g4 29. Nd2 c5 30. bxc5 bxc5 31. Qf2 Qg6 32. Nd5 Bxd5 33. cxd5 h5 34. Rxc5 Qg5 35. d6 Qg6 36. Qh4 Rf5 37. Qxd8+ Rf8 38. Qg5 Qxg5 39. Rxg5+ Kh7 40. Rxh5+ Kg6 41. Ra5 Rf6 42. Nc4 f3 43. gxf3 gxf3 44. Rxf3 Re6 45. Rxa7 Re4 46. Nb6 Rb4 47. Nxd7 Rd4 48. Ne5+ Kg5 49. Rg7+ Kh6 50. Rg6+ Kh5 51. Rh3+ Rh4 52. Rxh4+ Kxh4 53. d7 Kh5 54. Rg2 1-0

[Event "GER-ch U12 Girls"]
[Site "Willingen"]
[Date "2017.06.07"]
[Round "7"]
[White "Bayer, Melissa"]
[Black "Becker, Linda"]
[Result "1-0"]
[WhiteElo "1495"]
[BlackElo "1142"]
[PlyCount "91"]
[EventDate "2017.06.04"]
[EventType "swiss"]
[EventRounds "11"]
[EventCountry "GER"]
[SourceTitle "CBM 178 Extra"]
[Source "ChessBase"]
[SourceDate "2017.06.22"]
[SourceVersion "1"]
[SourceVersionDate "2017.06.22"]
[SourceQuality "1"]

1. d4 e6 2. Nf3 d5 3. Bf4 Nf6 4. e3 Nbd7 5. Bd3 c5 6. c3 Be7 7. Nbd2 Qb6 8. Rb1 c4 9. Bc2 0-0 10. Ne5 Bd6 11. Ndf3 Qc7 12. h4 Nh5 13. Bh2 Nhf6 14. g4 Ne8 15. Ng5 Nef6 16. Ngf3 a6 17. Ra1 b5 18. Qb1 Nxe5 19. dxe5 Nxg4 20. exd6 Qd8 21. Bxh7+ Kh8 22. Bg3 Qf6 23. Ke2 g6 24. Ng5 Qg7 25. h5 f6 26. Nf3 g5 27. Bg6 Nh6 28. Nd4 Bd7 29. Qg1 b4 30. Kd2 Rab8 31. f4 Rb6 32. fxg5 fxg5 33. Bh2 g4 34. Bf4 bxc3+ 35. bxc3 e5 36. Bxh6 Qxh6 37. Nc2 Rxd6 38. Ke2 Rb6 39. Rf1 Rxf1 40. Qxf1 Rb2 41. Qf6+ Qg7 42. Qd8+ Qg8 43. Qxd7 Rxc2+ 44. Bxc2 g3 45. Rg1 Qg5 46. Qh7# 1-0

[Event "GER-ch U12 Girls"]
[Site "Willingen"]
[Date "2017.06.07"]
[Round "6"]
[White "Ziegenfuss, Antonia"]
[Black "Bayer, Melissa"]
[Result "1-0"]
[WhiteElo "1842"]
[BlackElo "1495"]
[PlyCount "111"]
[EventDate "2017.06.04"]
[EventType "swiss"]
[EventRounds "11"]
[EventCountry "GER"]
[SourceTitle "CBM 178 Extra"]
[Source "ChessBase"]
[SourceDate "2017.06.22"]
[SourceVersion "1"]
[SourceVersionDate "2017.06.22"]
[SourceQuality "1"]

1. d4 d5 2. c4 e6 3. Nc3 Be7 4. cxd5 exd5 5. Bf4 c6 6. e3 Bf5 7. Bd3 Bxd3 8. Qxd3 Nf6 9. Nge2 Nbd7 10. 0-0 0-0 11. f3 Nb6 12. e4 dxe4 13. fxe4 Qd7 14. Rad1 Rad8 15. Rf3 Nh5 16. Rh3 Qg4 17. e5 h6 18. Rf1 Nd5 19. Nxd5 Rxd5 20. Bd2 c5 21. Qf3 Qxf3 22. Rfxf3 g6 23. g4 Ng7 24. Rxh6 g5 25. Rfh3 f5 26. e6 Nxe6 27. Rxe6 fxg4 28. Rb3 Bf6 29. Rxb7 cxd4 30. Ng3 d3 31. Ne4 Bd4+ 32. Kg2 Re5 33. Rxe5 Bxe5 34. Rd7 Bxb2 35. Rxd3 Rc8 36. Bxg5 Rc2+ 37. Rd2 Rxd2+ 38. Bxd2 Kf7 39. Kg3 Ke6 40. Kxg4 Bg7 41. Be3 a5 42. Bd2 Kd5 43. Nc3+ Kc4 44. Ne4 Kd3 45. Kf5 a4 46. h4 Kc2 47. h5 a3 48. Kg6 Bf8 49. Kf7 Bc5 50. Nxc5 Kxd2 51. h6 Kc3 52. h7 Kb2 53. h8Q+ Kxa2 54. Qh2+ Kb1 55. Nd3 a2 56. Qb2# 1-0

[Event "GER-ch U12 Girls"]
[Site "Willingen"]
[Date "2017.06.04"]
[Round "2"]
[White "Dietz, Kristin"]
[Black "Bayer, Melissa"]
[Result "1-0"]
[WhiteElo "1609"]
[BlackElo "1495"]
[PlyCount "119"]
[EventDate "2017.06.04"]
[EventType "swiss"]
[EventRounds "11"]
[EventCountry "GER"]
[SourceTitle "CBM 178 Extra"]
[Source "ChessBase"]
[SourceDate "2017.06.22"]
[SourceVersion "1"]
[SourceVersionDate "2017.06.22"]
[SourceQuality "1"]

1. e4 e5 2. Nf3 Nc6 3. Bc4 Nf6 4. d4 exd4 5. Ng5 d5 6. exd5 Nxd5 7. 0-0 Qd6 8. Nxf7 Kxf7 9. Qf3+ Ke8 10. Bxd5 Be7 11. Re1 Rf8 12. Bxc6+ bxc6 13. Qe2 Kd8 14. Nd2 Qf6 15. Nf3 Bg4 16. Qxe7+ Qxe7 17. Bg5 Qxg5 18. Nxg5 Kd7 19. Re4 Bf5 20. Rxd4+ Ke7 21. Re1+ Kf6 22. Ne4+ Kg6 23. Rc4 Bd7 24. Nc5 Be8 25. Ne6 Rf7 26. Rce4 Rb8 27. Nf4+ Kh6 28. Rxe8 Rxe8 29. Rxe8 Rxf4 30. Re6+ Kg5 31. Rxc6 Rd4 32. Kf1 Rd7 33. Ra6 Rd2 34. Rxa7 Rxc2 35. b4 Kf6 36. a4 Ke6 37. b5 Kd6 38. a5 g6 39. b6 cxb6 40. axb6 Rb2 41. Rxh7 Rxb6 42. Ke2 Ke6 43. Kf3 Kf5 44. g4+ Ke5 45. Rh6 Kf6 46. h4 Rb3+ 47. Kg2 Kg7 48. g5 Rb4 49. h5 Rg4+ 50. Kf3 Rxg5 51. Rxg6+ Rxg6 52. hxg6 Kxg6 53. Kg4 Kf6 54. Kf4 Kg7 55. Kg5 Kf7 56. Kf5 Ke8 57. Kg6 Kf8 58. f4 Kg8 59. f5 Kf8 60. Kf6 1-0

[Event "Heusenstamm Sparkassen op-B 3rd"]
[Site "Heusenstamm"]
[Date "2016.11.27"]
[Round "4"]
[White "Herdt, Werner"]
[Black "Bayer, Melissa"]
[Result "0-1"]
[WhiteElo "1404"]
[BlackElo "1552"]
[PlyCount "100"]
[EventDate "2016.11.27"]
[EventType "swiss"]
[EventRounds "7"]
[EventCountry "GER"]
[SourceTitle "EXT 2018"]
[Source "ChessBase"]
[SourceDate "2017.10.13"]
[SourceVersion "1"]
[SourceVersionDate "2017.10.13"]
[SourceQuality "1"]

1. d4 d5 2. c4 e6 3. Nc3 Nf6 4. Nf3 Be7 5. e3 0-0 6. Bd3 Nbd7 7. 0-0 Re8 8. Re1 Nf8 9. c5 b6 10. b4 a5 11. Ba3 axb4 12. Bxb4 bxc5 13. Bxc5 Bxc5 14. dxc5 Qe7 15. c6 Qd6 16. Bb5 Ba6 17. a4 Reb8 18. Rb1 Bxb5 19. axb5 Ra3 20. Qd4 Ng6 21. Rec1 e5 22. Qb4 Qxb4 23. Rxb4 Kf8 24. h3 Ke7 25. Kf1 h6 26. Ne2 Ne8 27. Rcb1 Rb6 28. Ng3 Ke6 29. Ne2 Ne7 30. R4b3 Ra5 31. Nc3 Nd6 32. Ke1 Nec8 33. Kd1 Na7 34. Ne1 Naxb5 35. Nxb5 Raxb5 36. Rxb5 Rxb5 37. Rxb5 Nxb5 38. Nd3 Kd6 39. Kc2 e4 40. Nb4 Kc5 41. Kb3 Na7 42. Kc3 Nxc6 43. Nxc6 Kxc6 44. Kd4 Kd6 45. f4 exf3 46. gxf3 c5+ 47. Kc3 Ke5 48. Kd3 c4+ 49. Kc3 f5 50. h4 f4 0-1

[Event "Wiesbaden op 28th"]
[Site "Wiesbaden"]
[Date "2016.08.28"]
[Round "7"]
[White "Bayer, Melissa"]
[Black "Ehmann, Johanna"]
[Result "0-1"]
[WhiteElo "1478"]
[BlackElo "1667"]
[PlyCount "58"]
[EventDate "2016.08.25"]
[EventType "swiss"]
[EventRounds "7"]
[EventCountry "GER"]
[SourceTitle "CBM 174 Extra"]
[Source "ChessBase"]
[SourceDate "2016.10.10"]
[SourceVersion "1"]
[SourceVersionDate "2016.10.10"]
[SourceQuality "1"]

1. e4 e5 2. Nf3 Nc6 3. Bb5 a6 4. Ba4 Nf6 5. 0-0 Be7 6. Re1 b5 7. Bb3 0-0 8. c3 d5 9. exd5 Nxd5 10. Nxe5 Nxe5 11. Rxe5 Nf6 12. d4 Bd6 13. Re1 Ng4 14. h3 Nxf2 15. Kxf2 Qh4+ 16. Kf1 Bxh3 17. Bd5 Bg4 18. Qd3 Bg3 19. Be3 Rae8 20. Be4 f5 21. Bd5+ Kh8 22. Nd2 Qh1+ 23. Bg1 Bxe1 24. Rxe1 Rxe1+ 25. Kxe1 Qxg1+ 26. Nf1 Re8+ 27. Kd2 Qf2+ 28. Kc1 Re1+ 29. Qd1 Rxd1# 0-1

[Event "GER-ch U12 Girls"]
[Site "Willingen"]
[Date "2016.05.20"]
[Round "9"]
[White "Dietz, Kristin"]
[Black "Bayer, Melissa"]
[Result "0-1"]
[WhiteElo "1432"]
[BlackElo "1303"]
[PlyCount "156"]
[EventDate "2016.05.15"]
[EventType "swiss"]
[EventRounds "11"]
[EventCountry "GER"]
[SourceTitle "CBM 172 Extra"]
[Source "ChessBase"]
[SourceDate "2016.06.21"]
[SourceVersion "1"]
[SourceVersionDate "2016.06.21"]
[SourceQuality "1"]

1. e4 e5 2. Nf3 Nc6 3. Bc4 Nf6 4. d3 Bc5 5. 0-0 h6 6. c3 0-0 7. Nbd2 d5 8. exd5 Nxd5 9. Ne4 Bb6 10. h3 Kh8 11. Re1 f6 12. Qc2 Bf5 13. Bd2 Na5 14. Bxd5 Qxd5 15. Be3 Rfd8 16. Bxb6 axb6 17. d4 exd4 18. Nxd4 Bh7 19. Nf3 Re8 20. Nfd2 Rad8 21. Qa4 f5 22. c4 Qd4 23. Nf3 Qxc4 24. Nc3 Qxa4 25. Nxa4 g5 26. Ne5 Kg7 27. b4 Nc6 28. Nxc6 bxc6 29. Rxe8 Rxe8 30. Rc1 Re6 31. Nc3 Bg8 32. a4 c5 33. bxc5 bxc5 34. Nb5 c6 35. Na7 c4 36. Rd1 c5 37. Nb5 Ra6 38. Ra1 Ra5 39. Kf1 Kf6 40. Ke2 Bd5 41. g3 Bc6 42. Nc3 Ke5 43. Kd2 h5 44. h4 g4 45. Ke3 Be4 46. Ra2 Bf3 47. Nb5 Ra8 48. Nc3 Rd8 49. Rd2 Re8 50. Rd7 Bc6 51. Rc7 Kd6+ 52. Kd2 Kxc7 53. a5 Ra8 54. Ne2 Rxa5 55. Nf4 Be8 56. Nd5+ Kd6 57. Ne3 Ra2+ 58. Ke1 Ke5 59. Nxc4+ Kd4 60. Ne3 Ke4 61. Nd1 Kf3 62. Kf1 Bb5+ 63. Ke1 Re2+ 64. Kf1 Rxf2+ 65. Ke1 Rg2 66. Nc3 Bc4 67. Nd1 Kxg3 68. Ne3 Re2+ 69. Kd1 Rxe3 70. Kd2 Re2+ 71. Kc3 f4 72. Kxc4 f3 73. Kxc5 f2 74. Kd4 f1Q 75. Kd3 Qd1+ 76. Kc3 Rc2+ 77. Kb3 Qb1+ 78. Ka3 Ra2# 0-1

[Event "GER-ch U12 Girls"]
[Site "Willingen"]
[Date "2016.05.18"]
[Round "7"]
[White "Bayer, Melissa"]
[Black "Liu, Sijia Anna"]
[Result "1-0"]
[WhiteElo "1303"]
[BlackElo "1357"]
[PlyCount "77"]
[EventDate "2016.05.15"]
[EventType "swiss"]
[EventRounds "11"]
[EventCountry "GER"]
[SourceTitle "CBM 172 Extra"]
[Source "ChessBase"]
[SourceDate "2016.06.21"]
[SourceVersion "1"]
[SourceVersionDate "2016.06.21"]
[SourceQuality "1"]

1. e4 c5 2. Nf3 g6 3. Nc3 Bg7 4. Bc4 Nc6 5. Bb5 Ne5 6. Nxe5 Bxe5 7. d3 a6 8. Bc4 b5 9. Bd5 Rb8 10. f4 Bg7 11. Qf3 e6 12. Bb3 Ne7 13. a3 Qa5 14. Bd2 b4 15. Nd1 f5 16. h3 Bb7 17. Rg1 d5 18. e5 Bc6 19. c3 d4 20. Qf2 dxc3 21. bxc3 Bd5 22. c4 Bc6 23. d4 Ba4 24. axb4 0-0 25. bxa5 Bxb3 26. Rc1 cxd4 27. Qxd4 Rfd8 28. Qa7 Nc6 29. Qxa6 Nd4 30. Be3 Nc2+ 31. Kf2 Kf7 32. Rb1 Ke7 33. Bc5+ Kf7 34. Qa7+ Kg8 35. Nc3 Ra8 36. Qe7 Bxc4 37. Rb7 Rd2+ 38. Kg3 Rd3+ 39. Kh2 1-0

[Event "GER-ch U12 Girls"]
[Site "Willingen"]
[Date "2016.05.17"]
[Round "5"]
[White "Bayer, Melissa"]
[Black "Reuter, Elisa"]
[Result "0-1"]
[WhiteElo "1303"]
[BlackElo "1364"]
[PlyCount "176"]
[EventDate "2016.05.15"]
[EventType "swiss"]
[EventRounds "11"]
[EventCountry "GER"]
[SourceTitle "CBM 172 Extra"]
[Source "ChessBase"]
[SourceDate "2016.06.21"]
[SourceVersion "1"]
[SourceVersionDate "2016.06.21"]
[SourceQuality "1"]

1. e4 c5 2. Nf3 Nc6 3. Bb5 g6 4. Bxc6 bxc6 5. d3 Bg7 6. Nc3 d6 7. h3 e5 8. Be3 Ne7 9. Qd2 0-0 10. Bh6 f5 11. Bxg7 Kxg7 12. h4 f4 13. h5 Ng8 14. 0-0-0 g5 15. Rdg1 h6 16. Ne1 Kh7 17. f3 Rb8 18. g3 Qb6 19. b3 Be6 20. Na4 Qb4 21. c3 Qa3+ 22. Qb2 Qxb2+ 23. Nxb2 fxg3 24. Rxg3 Nf6 25. Nd1 d5 26. Ne3 d4 27. Nc4 Bxc4 28. dxc4 a5 29. Kc2 Nd7 30. Nd3 Rf7 31. a3 Re7 32. Rb1 Ree8 33. cxd4 cxd4 34. b4 axb4 35. axb4 Nb6 36. Nb2 Rec8 37. Kd3 Nd7 38. Nd1 Rb7 39. Rg2 Rf8 40. Rf2 Nf6 41. Rh2 Rfb8 42. b5 cxb5 43. cxb5 Rxb5 44. Rhb2 Rxb2 45. Rxb2 Rxb2 46. Nxb2 Nxh5 47. Nc4 Nf4+ 48. Kd2 Ng6 49. Nd6 h5 50. Ke2 Nf4+ 51. Kf2 Kg6 52. Nc4 Kf6 53. Nd2 h4 54. Kf1 h3 55. Kg1 d3 56. Kh2 Ke6 57. Nc4 Ke7 58. Kg3 Ke6 59. Kh2 Kf6 60. Kg3 Ke7 61. Kh2 Kd8 62. Nd2 Kc7 63. Nc4 Kb7 64. Nd6+ Ka6 65. Nc4 Kb5 66. Na3+ Ka4 67. Nc4 Kb4 68. Nd2 Kc3 69. Nb1+ Kb2 70. Nd2 Kc2 71. Nf1 d2 72. Kg3 Kc1 73. Ne3 d1Q 74. Nxd1 Kxd1 75. Kh2 Ke2 76. Kg3 Ke3 77. Kg4 h2 78. Kxg5 h1Q 79. Kf5 Qh5+ 80. Kf6 Kxf3 81. Ke7 Qg6 82. Kd7 Qe6+ 83. Kc7 Kxe4 84. Kb7 Qd6 85. Ka7 Qb4 86. Ka6 Kd5 87. Ka7 Kc6 88. Ka6 Qb6# 0-1

[Event "GER-ch U12 Girls"]
[Site "Willingen"]
[Date "2016.05.16"]
[Round "4"]
[White "Bayer, Melissa"]
[Black "Peglau, Mirjam"]
[Result "0-1"]
[WhiteElo "1303"]
[BlackElo "1314"]
[PlyCount "118"]
[EventDate "2016.05.15"]
[EventType "swiss"]
[EventRounds "11"]
[EventCountry "GER"]
[SourceTitle "CBM 172 Extra"]
[Source "ChessBase"]
[SourceDate "2016.06.21"]
[SourceVersion "1"]
[SourceVersionDate "2016.06.21"]
[SourceQuality "1"]

1. e4 e6 2. d4 d5 3. exd5 exd5 4. Nf3 Bd6 5. Bd3 Nc6 6. c3 Nge7 7. 0-0 0-0 8. Qc2 Ng6 9. Be3 Bg4 10. Nbd2 Qd7 11. h3 Be6 12. Ng5 Nce7 13. f4 Bf5 14. Bxf5 Nxf5 15. Qd3 Rfe8 16. Rae1 Nxe3 17. Rxe3 Bxf4 18. Rxe8+ Rxe8 19. Ngf3 Re3 20. Qc2 Re2 21. Qd1 Qe7 22. Kh1 Bxd2 23. Ne5 Re4 24. Nxg6 hxg6 25. Qxd2 Re2 26. Qc1 Qe3 27. Qxe3 Rxe3 28. Rf2 Kf8 29. Kh2 Ke7 30. g4 Ke6 31. Kg2 c6 32. Rf3 Re2+ 33. Rf2 Rxf2+ 34. Kxf2 g5 35. Ke3 f5 36. Kf3 g6 37. Ke3 f4+ 38. Kf3 b6 39. b3 c5 40. a4 a5 41. Ke2 Kd6 42. Kd3 Kc6 43. Kd2 b5 44. axb5+ Kxb5 45. dxc5 Kxc5 46. Kd3 Kb5 47. Kd4 a4 48. bxa4+ Kxa4 49. Kxd5 f3 50. Ke5 f2 51. Kf6 f1Q+ 52. Kxg6 Qf4 53. Kh5 Kb3 54. h4 gxh4 55. Kxh4 Kxc3 56. Kh5 Kd4 57. g5 Ke5 58. g6 Kf5 59. g7 Qg5# 0-1

[Event "Wiesbaden op 27th"]
[Site "Wiesbaden"]
[Date "2015.08.28"]
[Round "2"]
[White "Lessmann, Sven"]
[Black "Bayer, Melissa"]
[Result "1/2-1/2"]
[WhiteElo "1627"]
[BlackElo "1108"]
[PlyCount "102"]
[EventDate "2015.08.27"]
[EventType "swiss"]
[EventRounds "7"]
[EventCountry "GER"]
[SourceTitle "EXT 2016"]
[Source "ChessBase"]
[SourceDate "2015.10.08"]
[SourceVersion "1"]
[SourceVersionDate "2015.10.08"]
[SourceQuality "1"]

1. d4 d5 2. c4 e6 3. Nc3 Nf6 4. Nf3 c5 5. e3 Nc6 6. Be2 dxc4 7. Bxc4 Be7 8. 0-0 0-0 9. d5 exd5 10. Nxd5 Nxd5 11. Bxd5 Qd6 12. b3 Bg4 13. Bb2 Rad8 14. e4 Bf6 15. Rb1 Nd4 16. Bxd4 Bxd4 17. h3 Bxf3 18. Qxf3 Qf6 19. Qxf6 Bxf6 20. Bxb7 Bd4 21. Bd5 Kh8 22. g4 g6 23. Kg2 f5 24. f3 fxe4 25. fxe4 Kg7 26. Rbd1 Rxf1 27. Rxf1 Rf8 28. Rxf8 Kxf8 29. Kf3 Be5 30. Ke3 Ke7 31. g5 Kf8 32. Kf3 Kg7 33. Kg4 h5+ 34. gxh6+ Kxh6 35. Kf3 g5 36. Ke3 Kg6 37. Kd3 Kf6 38. Kc4 Bd6 39. a3 Be7 40. b4 cxb4 41. axb4 Ke5 42. b5 Bd6 43. Bc6 Be7 44. Kd3 Bc5 45. Ke2 Kf4 46. Kd3 Ke5 47. Kc4 Be7 48. Bd5 Bd6 49. Kb3 Be7 50. Ka4 Bd8 51. Kb4 Bb6 1/2-1/2

[Event "Wiesbaden op 27th"]
[Site "Wiesbaden"]
[Date "2015.08.27"]
[Round "1"]
[White "Bayer, Melissa"]
[Black "Pravez, Luca"]
[Result "0-1"]
[WhiteElo "1108"]
[BlackElo "1816"]
[PlyCount "100"]
[EventDate "2015.08.27"]
[EventType "swiss"]
[EventRounds "7"]
[EventCountry "GER"]
[SourceTitle "EXT 2016"]
[Source "ChessBase"]
[SourceDate "2015.10.08"]
[SourceVersion "1"]
[SourceVersionDate "2015.10.08"]
[SourceQuality "1"]

1. e4 e5 2. Nf3 Nc6 3. Bb5 Bc5 4. c3 Nf6 5. d3 0-0 6. 0-0 d6 7. Bg5 h6 8. Bh4 Bg4 9. Nbd2 g5 10. Bg3 Nh5 11. Qb3 Be6 12. Qa4 Nxg3 13. hxg3 g4 14. Nh4 Qg5 15. Qc2 Ne7 16. b4 Bb6 17. Bc4 Ng6 18. Nxg6 Qxg6 19. Bxe6 fxe6 20. Nc4 Kf7 21. Nxb6 axb6 22. Rfe1 Ke7 23. Kf1 Rf7 24. Ke2 Raf8 25. Rf1 Qh5 26. Ke3 Qh2 27. Rg1 Rf3+ 28. Kd2 Rxf2+ 29. Kc1 Rxc2+ 30. Kxc2 Rf2+ 31. Kb3 Qxg3 32. Rad1 Rxg2 33. Rxg2 Qxg2 34. a4 g3 35. a5 bxa5 36. bxa5 Qf3 37. Kc2 g2 38. Rc1 Qf2+ 39. Kb3 g1Q 40. Rxg1 Qxg1 41. Kc4 h5 42. d4 exd4 43. cxd4 h4 44. e5 h3 45. exd6+ Kxd6 46. Kd3 h2 47. Kc4 h1Q 48. Kd3 Qg3+ 49. Ke2 Qhh2+ 50. Kf1 Qgg1# 0-1

[Event "GER-ch U10"]
[Site "Willingen"]
[Date "2015.05.29"]
[Round "9"]
[White "Bayer, Melissa"]
[Black "Stillbauer, Jan"]
[Result "0-1"]
[WhiteElo "1104"]
[BlackElo "1146"]
[PlyCount "86"]
[EventDate "2015.05.24"]
[EventType "swiss"]
[EventRounds "11"]
[EventCountry "GER"]
[SourceTitle "CBM 166 Extra"]
[Source "ChessBase"]
[SourceDate "2015.06.18"]
[SourceVersion "1"]
[SourceVersionDate "2015.06.18"]
[SourceQuality "1"]

1. e4 e5 2. Nf3 Nc6 3. Bb5 a6 4. Ba4 Nf6 5. d3 Bc5 6. 0-0 b5 7. Bb3 d6 8. Bg5 h6 9. Bh4 Bg4 10. Nbd2 Nd4 11. Bd5 Rb8 12. c3 Nxf3+ 13. Nxf3 0-0 14. d4 exd4 15. cxd4 Bxf3 16. Qxf3 Bxd4 17. Rab1 Qd7 18. Rfd1 Be5 19. b4 Nxd5 20. Rxd5 Qe6 21. Rc1 Rbc8 22. a3 c6 23. Rd3 c5 24. Rd5 cxb4 25. axb4 Rxc1+ 26. Rd1 Rxd1+ 27. Qxd1 Bc3 28. f3 Bxb4 29. Qd5 Qxd5 30. exd5 Bc5+ 31. Kf1 b4 32. Be1 a5 33. Ke2 a4 34. Kd1 a3 35. Kc1 Ra8 36. g4 a2 37. Kd2 a1Q 38. Kd3 Qxe1 39. Kc2 Qc3+ 40. Kd1 Qe3 41. Kc2 Ra2+ 42. Kb1 Rxh2 43. f4 Qe1# 0-1

[Event "GER-ch U10"]
[Site "Willingen"]
[Date "2015.05.26"]
[Round "5"]
[White "Liu, Sijia Anna"]
[Black "Bayer, Melissa"]
[Result "0-1"]
[WhiteElo "1147"]
[BlackElo "1104"]
[PlyCount "104"]
[EventDate "2015.05.24"]
[EventType "swiss"]
[EventRounds "11"]
[EventCountry "GER"]
[SourceTitle "CBM 166 Extra"]
[Source "ChessBase"]
[SourceDate "2015.06.18"]
[SourceVersion "1"]
[SourceVersionDate "2015.06.18"]
[SourceQuality "1"]

1. e4 e5 2. Nf3 Nc6 3. Bc4 Bc5 4. c3 Nf6 5. d4 exd4 6. cxd4 Bb4+ 7. Nc3 Nxe4 8. 0-0 Bxc3 9. d5 Na5 10. bxc3 Nxc4 11. Qd4 Ncd6 12. Qxg7 Qf6 13. Qxf6 Nxf6 14. Re1+ Kf8 15. Bh6+ Kg8 16. Re5 Nde4 17. Re1 d6 18. Re7 Bf5 19. Nd4 Bg6 20. f3 Nxd5 21. Rd7 Nef6 22. c4 Nxd7 23. cxd5 Nf6 24. h4 Re8 25. Rxe8+ Nxe8 26. g4 f6 27. Kf2 Kf7 28. f4 Be4 29. Nb5 Bxd5 30. Nxa7 Bxa2 31. f5 c5 32. Ke3 Nc7 33. Bf4 Ke7 34. g5 Nd5+ 35. Ke4 Nxf4 36. Kxf4 fxg5+ 37. hxg5 c4 38. Nb5 Rc8 39. Nc3 Bb3 40. Kg4 b5 41. Kf3 b4 42. Ne2 Bd1 43. Ke3 Bxe2 44. Kxe2 c3 45. g6 hxg6 46. fxg6 Kf6 47. Kd1 b3 48. g7 c2+ 49. Kc1 b2+ 50. Kxb2 c1Q+ 51. Kb3 Rb8+ 52. Ka4 Qa1# 0-1

[Event "GER-ch U10"]
[Site "Willingen"]
[Date "2015.05.24"]
[Round "1"]
[White "Lohvinov, Petro"]
[Black "Bayer, Melissa"]
[Result "1-0"]
[WhiteElo "1418"]
[BlackElo "1104"]
[PlyCount "119"]
[EventDate "2015.05.24"]
[EventType "swiss"]
[EventRounds "11"]
[EventCountry "GER"]
[SourceTitle "CBM 166 Extra"]
[Source "ChessBase"]
[SourceDate "2015.06.18"]
[SourceVersion "1"]
[SourceVersionDate "2015.06.18"]
[SourceQuality "1"]

1. e4 e5 2. Nf3 Nc6 3. d4 exd4 4. Nxd4 Nf6 5. Nxc6 bxc6 6. e5 Qe7 7. Qe2 Nd5 8. c4 Nb6 9. Nc3 d6 10. exd6 cxd6 11. Qxe7+ Bxe7 12. Bf4 0-0 13. 0-0-0 Rd8 14. Bd3 Be6 15. b3 d5 16. cxd5 Nxd5 17. Nxd5 Bxd5 18. f3 h6 19. Kb1 Bb4 20. Ba6 Re8 21. Bd2 Bd6 22. Bc3 Rab8 23. Bd4 Bb4 24. Bf2 Re5 25. Bg3 Rb6 26. Bxe5 Rxa6 27. Kb2 f6 28. Bd4 Ra5 29. a4 c5 30. Bc3 Bxc3+ 31. Kxc3 Be6 32. Rhe1 Ra6 33. Re3 Kf7 34. Red3 Ke7 35. Re1 Rc6 36. f4 f5 37. Kb2 Kf7 38. Rc3 a5 39. Re5 Rd6 40. Rexc5 Rd2+ 41. Rc2 Rd4 42. g3 Rb4 43. R2c3 Re4 44. Re5 Rd4 45. Rc7+ Kf6 46. Rc6 Re4 47. Rcxe6+ Kf7 48. Rxe4 fxe4 49. Rxe4 Kf6 50. b4 axb4 51. Rxb4 Kf5 52. a5 Kg4 53. a6 Kf5 54. a7 Kg4 55. a8Q Kh3 56. Qf3 g6 57. g4+ Kxh2 58. Rd4 g5 59. Rd2+ Kg1 60. Qg2# 1-0